Empresas individuales de responsabilidad limitada: análisis de la Ley No 19.857

Saved in:
Bibliografiske detaljer
Hovedforfatter: González Castillo, Joel (Author)
Institution som forfatter: Pontificia Universidad Católica de Chile (Author)
Format: Bog
Sprog:spansk
Udgivet: Santiago Legal Publishing 2014
Udgivelse:2a. ed
Fag:
Tags: Tilføj Tag
Ingen Tags, Vær først til at tagge denne postø!

MARC

LEADER 00000cam a2200000 a 4500
001 UCE4013
003 CL-VaPUC
008 141003e20140000cl |||||||||||||||||spa|d
020 |a 9789563465679 
082 0 4 |a 343.83068  |b GON  |2 21 
100 |a González Castillo, Joel  |e author  |9 739861 
110 2 |a Pontificia Universidad Católica de Chile  |e author  |9 576593 
245 1 0 |a Empresas individuales de responsabilidad limitada: análisis de la Ley No 19.857 
250 |a 2a. ed 
300 |a 188 p 
942 |c BK 
945 |d 20141003 14:18:00  |a arojas 
260 |a Santiago  |b Legal Publishing  |c 2014 
650 0 |a Derecho tributario  |9 258895 
650 0 |a Impuestos  |9 255450 
650 0 |a Derecho comparado  |9 255664 
650 0 |a Empresas   |9 255569 
650 0 |a Obligaciones   |9 255578 
650 0 |a Obligaciones tributarias  |9 383518 
583 |a last modification  |c 20160908 04:34:38  |k Rodrigo Vera 
999 |c 357106  |d 357104 
952 |0 0  |1 0  |3 erb  |4 0  |6 343_830680000000000_GON_2014  |7 0  |8 A  |9 464923  |a BIBDER  |b BIBDER  |i 511750K  |o 343.83068 GON 2014  |p 511750K  |r 2023-01-25  |w 2019-11-23  |y BK  |z Catalogado en:20141003  |k DER